[Event "Florence op 6th"]
[Site "Florence"]
[Date "2012.11.02"]
[Round "3"]
[White "Bini, Alessandro"]
[Black "Cerri, Paolo"]
[Result "1-0"]
[WhiteElo "1859"]
[BlackElo "1546"]
[PlyCount "61"]
[EventDate "2012.11.01"]
[EventType "swiss"]
[EventRounds "7"]
[EventCountry "ITA"]
[SourceTitle "EXT 2014"]
[Source "ChessBase"]
[SourceDate "2013.11.20"]
[SourceVersion "1"]
[SourceVersionDate "2013.11.20"]
[SourceQuality "1"]

1. c4 Nf6 2. Nc3 d5 3. cxd5 Nxd5 4. e4 Nf6 5. Be2 c5 6. Nf3 Nc6 7. 0-0 e6 8. Re1 Be7 9. Bb5 Bd7 10. e5 Nd5 11. Bf1 Nf4 12. d4 Ng6 13. d5 exd5 14. Nxd5 0-0 15. Nxe7+ Qxe7 16. Bc4 Be6 17. Bg5 Qd7 18. Qxd7 Bxd7 19. h3 h6 20. Bd2 Rfe8 21. Bc3 Be6 22. Bd3 Nf4 23. Be4 Nd5 24. Rac1 Rac8 25. b3 Nxc3 26. Rxc3 b6 27. Bxc6 Rxc6 28. Nd4 Rcc8 29. Nb5 Re7 30. f4 Rf8 31. Nd6 1-0